1604 1999 1366 1858 1737 1019 1672 1370 1713 1902 1821 1582 1293 1007 1646 1764 1025 1358 1398 1678 1566 1189 1621 1826 1294 1377 1734 1601 1314 1007 1273 1210 1534 1689 1785 1066 1065 1588 1816 1020 1141 1224 1357 1903 1435 1632 1682 1006 1411 1148 1062 1545 1471 1814 1547 1397 1231 1564 1448 1260 1376 1592 1735 1274 1293 1340 1639 1482 1018 1397 1129 1254 1417 1950 1284 1749 1102 1719 1939 1983 1416 1586 1208 1165 1364 1793 1358 1856 1865 1640 1015 1809 1729 1955 1520 1899 1259 1993 1554 BCNSPRNW ULIB Ver.6.0+V

เปลี่ยนเป็นภาษาไทย

Change to English
 แสดงรายละเอียดบรรณานุกรม
  กลับหน้าหลัก

Brief Record : Get Marc (ISO 2709) : E-mail record : QR code < ปิดหน้าต่าง
LEADER : 00000nam 2200000uu 4500
001    13399128922
003     ULIB
008    241030s2024||||th 000 0 tha d
020    ^a9780323881159
060 04 ^aWY128^bF341P
100 1  ^aFenstermacher, Karen
245 10 ^aPractice guidelines for family nurse practitioners /^cKaren Fenstermacher, Barbara Toni Hudson
250    ^a6th ed.
260    ^aPhiladelphia :^bElsevier,^c2024
300    ^aviii, 569 p. :^bill. ;^c24 cm.
504    ^aIncludes bibliographical references and index
650  0 ^aFamily nursing
650  0 ^aNurse practitioners
650  2 ^aFamily nursing^xMethods
650  2 ^aFamily nursing
650  2 ^aNurse practitioners
650  2 ^aPrimary care nursing
700 1  ^aHudson, Barbara Toni
945    ^p2762^l0^i011170
999    ^aประนอม เกษจรัล
รายการนี้ยังไม่มีแท็ก
คุณยังไม่ได้ล็อกอิน คุณสามารถมีกิจกรรมร่วมกับเว็บไซต์ได้ แต่ต้องล็อกอินก่อน ::
  ล็อกอิน

รายการสื่อสารสนเทศ

ลำดับที่ ประเภท เลขเรียก/บาร์โค้ด สถานที่ สถานะ
1. Book การพยาบาล
หนังสือสำรอง
สถานะ=หนังสือสำรอง
WY128 F341P ฉ.1 
  Barcode: 011170
ห้องสมุดวิทยาเขตสวรรค์ประชารักษ์
►หนังสือทั่วไป
บนชั้น

รายการใกล้เคียง
    ผู้แต่ง [Fenstermacher, Karen]

    หัวเรื่อง [Family nursing]
    หัวเรื่อง [Nurse practitioners]
    หัวเรื่อง [Family nursing]
    หัวเรื่อง [Nurse practitioners]
    หัวเรื่อง [Primary care nursing]

BibComment


ยังไม่เคยถูกคอมเมนท์

คอมเมนท์ทรัพยากรรายการนี้
  คอมเมนท์: Practice guideli..


 Copyright 2026. Bcnsprnw @Library